Alle Ausfahrten der Südost-Autobahn (A3) - Statistiken

Allgemein
  • Dieses Quiz wurde 44 mal gespielt
  • Das Durchschnittsergebnis liegt bei 3 aus 8
Antwortstatistiken
km Bz. Ausfahrt % Korrekt
29,0 EU Eisenstadt
100%
0,0 MD Guntramsdorf
75%
5,3 BN Ebreichsdorf-Nord
31%
8,6 BN Ebreichsdorf-West
31%
1,2 MD Münchendorf / Achau
31%
13,2 BN Pottendorf
25%
20,6 EU Hornstein
19%
25,4 EU Müllendorf
13%
Keine übereinstimmenden Quizze gefunden
Verteilung der Resultate
Anzahl Personen mit jedem Resultat
Perzentil nach korrekt beantworteten Fragen
Ihre Resultats-Entwicklung
Sie haben dieses Quiz noch nicht gespielt